Turismo y agresión

Zapisane w:
Opis bibliograficzny
1. autor: Ramírez Cavassa, César (Autor)
Format: Książka
Język:hiszpański
Wydane: Ciudad de México PAC 1998
Hasła przedmiotowe:
Etykiety: Dodaj etykietę
Nie ma etykietki, Dołącz pierwszą etykiete!

MARC

LEADER 00000nam a2200000 a 4500
001 UCN7727
003 CL-VaPUC
008 011026e19980800MX |||||||||||||||||spa|d
082 0 4 |a 338.4791  |b RAM  |2 21 
100 0 |a Ramírez Cavassa, César  |e author  |9 463748 
245 1 0 |a Turismo y agresión 
300 |a 55 p 
942 |c BK 
945 |d 20011026 00:00:00  |a vberengu 
260 |a Ciudad de México  |b PAC  |c 1998 
650 0 |a Agresividad  |9 257862 
650 0 |a Problemas sociales  |9 258537 
650 0 |a Turismo  |9 308920 
650 7 |a TURISTAS  |2 CL-VaPUC  |9 352828 
650 0 |a Industria turística  |9 347913 
650 7 |a INDUSTRIA HOTELERA  |2 CL-VaPUC  |9 463749 
650 7 |a SECTOR DE SERVICIOS  |2 CL-VaPUC  |9 339319 
650 0 |a Hoteles  |9 360285 
583 |a last modification  |c 20011026 00:00:00  |k Rodrigo Vera 
999 |c 297938  |d 297936 
952 |0 0  |1 0  |4 0  |6 338_479100000000000_RAM_1998  |7 0  |8 A  |9 352995  |a BIBING  |b BIBING  |d 2019-11-21  |i 3768430  |o 338.4791 RAM 1998  |p 3768430  |r 2025-01-20  |w 2019-11-21  |y BK  |k GEO